| 000 | 00901pam a2200253 a 4500 | ||
|---|---|---|---|
| 001 | 4750381 | ||
| 003 | NUST-PNEC | ||
| 005 | 20170116180713.0 | ||
| 008 | 850411s1986 nyua b 001 0 eng | ||
| 010 | _a 85008942 | ||
| 020 | _a0070679312 : | ||
| 040 |
_aDLC _cPNEC _dDLC |
||
| 050 | 0 | 0 |
_aQA276.25 _b.W35 1986 |
| 082 | 0 | 0 | _a519.5 WAL |
| 100 | 1 | _aWall, Francis J. | |
| 245 | 1 | 0 |
_aStatistical data analysis handbook / _cFrancis J. Wall. |
| 260 |
_aNew York : _bMcGraw-Hill, _cc1986. |
||
| 300 |
_a285 p. in various pagings : _bill. ; _c24 cm. |
||
| 500 | _ahttp://www.amazon.com/Statistical-Data-Analysis-Handbook-Francis/dp/0070679312/ref=sr_1_1?s=books&ie=UTF8&qid=1413372520&sr=1-1&keywords=0070679312 | ||
| 504 | _aIncludes bibliography and index. | ||
| 650 | 0 |
_aMathematical statistics _xHandbooks, manuals, etc. |
|
| 906 |
_a7 _bcbc _corignew _d1 _eocip _f19 _gy-gencatlg |
||
| 942 |
_2ddc _cBK |
||
| 999 |
_c61046 _d61046 |
||